000 00586nam a2200181Ia 4500
008 100920s9999 xx 000 0 und d
082 _b75947
_a891.461 थ 90
100 _aसंपा.-जोग रा.श्री.
245 _aहरपले श्रेय.
260 _bकाँन्टिनेन्टल प्रकाशन, पुणे.30.
_c1990
300 _a222
_bसाधी
365 _b35
520 _aपदय.
630 _aहरपले श्रेय.
650 _aपदय.
730 _aहरपले श्रेय.
942 _cBOOK
999 _c717404
_d717401